NBA PPG, APG and RPG Leaders (1995-2010) - Statistics

General Stats
  • This quiz has been taken 61 times
  • The average score is 295 of 460
Answer Stats
Stat Year Rank Team Position Value Player % Correct
PPG 1995-96 2. HOU C 26.9 Hakeem Olajuwon
96%
RPG 1995-96 6. HOU C 10.9 Hakeem Olajuwon
96%
PPG 1996-97 7. HOU C 23.2 Hakeem Olajuwon
96%
PPG 1995-96 1. CHI SG 30.4 Michael Jordan
96%
PPG 1996-97 1. CHI SG 29.6 Michael Jordan
96%
PPG 1997-98 1. CHI SG 28.7 Michael Jordan
96%
PPG 1995-96 5. SAS C 25.0 David Robinson
94%
RPG 1995-96 2. SAS C 12.2 David Robinson
94%
PPG 1997-98 10. SAS C 21.6 David Robinson
94%
RPG 1997-98 5. SAS C 10.6 David Robinson
94%
RPG 1998-99 10. SAS C 10.0 David Robinson
94%
RPG 1999-00 9. SAS C 9.6 David Robinson
94%
PPG 1995-96 4. UTA PF 25.7 Karl Malone
94%
PPG 1996-97 2. UTA PF 27.4 Karl Malone
94%
RPG 1996-97 UTA PF 9.9 Karl Malone
94%
PPG 1997-98 3. UTA PF 27.0 Karl Malone
94%
RPG 1997-98 6. UTA PF 10.3 Karl Malone
94%
PPG 1998-99 3. UTA PF 23.8 Karl Malone
94%
PPG 1999-00 5. UTA PF 25.5 Karl Malone
94%
PPG 2001-02 9. UTA PF 22.4 Karl Malone
94%
PPG 1995-96 3. ORL C 26.6 Shaquille O'Neal
94%
PPG 1997-98 2. LAL C 28.3 Shaquille O'Neal
94%
PPG 1998-99 2. LAL C 26.3 Shaquille O'Neal
94%
RPG 1998-99 LAL C 10.7 Shaquille O'Neal
94%
PPG 1999-00 1. LAL C 29.7 Shaquille O'Neal
94%
RPG 1999-00 2. LAL C 13.6 Shaquille O'Neal
94%
PPG 2000-01 3. LAL C 28.7 Shaquille O'Neal
94%
RPG 2000-01 3. LAL C 12.7 Shaquille O'Neal
94%
PPG 2001-02 2. LAL C 27.2 Shaquille O'Neal
94%
PPG 2002-03 4. LAL C 27.5 Shaquille O'Neal
94%
RPG 2004-05 6. MIA C 10.4 Shaquille O'Neal
94%
PPG 1995-96 6. PHX PF 23.2 Charles Barkley
91%
RPG 1995-96 4. PHX PF 11.6 Charles Barkley
91%
RPG 1998-99 2. HOU PF 12.3 Charles Barkley
91%
APG 1995-96 1. UTA PG 11.2 John Stockton
89%
APG 1996-97 2. UTA PG 10.5 John Stockton
89%
APG 1997-98 5. UTA PG 8.5 John Stockton
89%
APG 1998-99 8. UTA PG 7.5 John Stockton
89%
APG 1999-00 6. UTA PG 8.6 John Stockton
89%
APG 2000-01 2. UTA PG 8.7 John Stockton
89%
APG 2001-02 5. UTA PG 8.2 John Stockton
89%
APG 2002-03 5. UTA PG 7.7 John Stockton
89%
PPG 2000-01 4. LAL SG 28.5 Kobe Bryant
89%
PPG 2001-02 6. LAL SG 25.2 Kobe Bryant
89%
PPG 2002-03 2. LAL SG 30.0 Kobe Bryant
89%
PPG 2003-04 4. LAL SG 24.0 Kobe Bryant
89%
PPG 2004-05 2. LAL SG 27.6 Kobe Bryant
89%
PPG 2005-06 1. LAL SG 35.4 Kobe Bryant
89%
PPG 2006-07 1. LAL SG 31.6 Kobe Bryant
89%
PPG 2007-08 2. LAL SG 28.3 Kobe Bryant
89%
PPG 2008-09 3. LAL SG 26.8 Kobe Bryant
89%
PPG 2009-10 4. LAL SG 27.0 Kobe Bryant
89%
PPG 2004-05 3. CLE SF 27.2 LeBron James
89%
APG 2004-05 6. CLE SF 7.2 LeBron James
89%
PPG 2005-06 3. CLE SF 31.4 LeBron James
89%
PPG 2006-07 4. CLE SF 27.3 LeBron James
89%
PPG 2007-08 1. CLE SF 30.0 LeBron James
89%
APG 2007-08 8. CLE SF 7.2 LeBron James
89%
PPG 2008-09 2. CLE SF 28.4 LeBron James
89%
APG 2008-09 9. CLE SF 7.2 LeBron James
89%
PPG 2009-10 2. CLE SF 29.7 LeBron James
89%
APG 2009-10 6. CLE SF 8.6 LeBron James
89%
PPG 1995-96 9. NYK C 22.5 Patrick Ewing
89%
RPG 1995-96 7. NYK C 10.6 Patrick Ewing
89%
PPG 1996-97 8. NYK C 22.4 Patrick Ewing
89%
RPG 1996-97 5. NYK C 10.7 Patrick Ewing
89%
PPG 2004-05 9. MIA SG 24.1 Dwayne Wade
87%
APG 2004-05 MIA SG 6.8 Dwayne Wade
87%
PPG 2005-06 5. MIA SG 27.2 Dwayne Wade
87%
APG 2005-06 MIA SG 6.7 Dwayne Wade
87%
PPG 2008-09 1. MIA SG 30.2 Dwayne Wade
87%
APG 2008-09 8. MIA SG 7.5 Dwayne Wade
87%
PPG 2009-10 5. MIA SG 26.6 Dwayne Wade
87%
APG 2009-10 10. MIA SG 6.5 Dwayne Wade
87%
PPG 1996-97 6. PHI PG 23.5 Allen Iverson
85%
PPG 1997-98 8. PHI PG 22.0 Allen Iverson
85%
PPG 1998-99 1. PHI PG 26.8 Allen Iverson
85%
PPG 1999-00 2. PHI PG 28.4 Allen Iverson
85%
PPG 2000-01 1. PHI PG 31.1 Allen Iverson
85%
PPG 2001-02 1. PHI PG 31.4 Allen Iverson
85%
PPG 2002-03 3. PHI PG 27.6 Allen Iverson
85%
PPG 2004-05 1. PHI PG 30.7 Allen Iverson
85%
APG 2004-05 5. PHI PG 7.9 Allen Iverson
85%
PPG 2005-06 2. PHI PG 33.0 Allen Iverson
85%
APG 2005-06 8. PHI PG 7.4 Allen Iverson
85%
PPG 2006-07 7. PHI/DEN PG 26.3 Allen Iverson
85%
APG 2006-07 8. PHI/DEN PG 7.2 Allen Iverson
85%
PPG 2007-08 3. DEN SG 26.4 Allen Iverson
85%
APG 2007-08 9. DEN SG 7.1 Allen Iverson
85%
APG 1995-96 2. DAL PG 9.7 Jason Kidd
85%
APG 1996-97 4. DAL/PHX PG 9.0 Jason Kidd
85%
APG 1997-98 2. PHX PG 9.1 Jason Kidd
85%
APG 1998-99 1. PHX PG 10.8 Jason Kidd
85%
APG 1999-00 1. PHX PG 10.1 Jason Kidd
85%
APG 2000-01 1. PHX PG 9.8 Jason Kidd
85%
APG 2001-02 2. NJN PG 9.9 Jason Kidd
85%
APG 2002-03 1. NJN PG 8.9 Jason Kidd
85%
APG 2003-04 1. NJN PG 9.2 Jason Kidd
85%
APG 2004-05 3. NJN PG 8.3 Jason Kidd
85%
APG 2005-06 5. NJN PG 8.4 Jason Kidd
85%
APG 2006-07 3. NJN PG 9.2 Jason Kidd
85%
APG 2007-08 4. NJN/DAL PG 10.1 Jason Kidd
85%
APG 2008-09 5. DAL PG 8.7 Jason Kidd
85%
APG 2009-10 5. DAL PG 9.1 Jason Kidd
85%
RPG 2001-02 7. IND C 10.5 Jermaine O'Neal
85%
RPG 2002-03 4. IND C 10.3 Jermaine O'Neal
85%
APG 2001-02 9. DAL PG 7.7 Steve Nash
85%
APG 2002-03 8. DAL PG 7.3 Steve Nash
85%
APG 2003-04 3. DAL PG 8.8 Steve Nash
85%
APG 2004-05 1. PHX PG 11.5 Steve Nash
85%
APG 2005-06 1. PHX PG 10.5 Steve Nash
85%
APG 2006-07 1. PHX PG 11.6 Steve Nash
85%
APG 2007-08 2. PHX PG 11.1 Steve Nash
85%
APG 2008-09 3. PHX PG 9.7 Steve Nash
85%
APG 2009-10 1. PHX PG 11.0 Steve Nash
85%
PPG 1995-96 MIA C 23.2 Alonzo Mourning
83%
RPG 1995-96 8. MIA C 10.4 Alonzo Mourning
83%
RPG 1998-99 6. MIA C 11.0 Alonzo Mourning
83%
PPG 2005-06 8. DEN SF 26.5 Carmelo Anthony
83%
PPG 2006-07 2. DEN SF 28.9 Carmelo Anthony
83%
PPG 2007-08 4. DEN SF 25.7 Carmelo Anthony
83%
PPG 2008-09 DEN SF 22.8 Carmelo Anthony
83%
PPG 2009-10 3. DEN SF 28.2 Carmelo Anthony
83%
PPG 2001-02 8. DAL PF 23.4 Dirk Nowitzki
83%
RPG 2001-02 8. DAL PF 9.9 Dirk Nowitzki
83%
PPG 2002-03 6. DAL PF 25.1 Dirk Nowitzki
83%
RPG 2002-03 7. DAL PF 9.9 Dirk Nowitzki
83%
PPG 2003-04 9. DAL PF 21.7 Dirk Nowitzki
83%
PPG 2004-05 4. DAL PF 26.1 Dirk Nowitzki
83%
RPG 2004-05 9. DAL PF 9.7 Dirk Nowitzki
83%
PPG 2005-06 7. DAL PF 26.6 Dirk Nowitzki
83%
PPG 2006-07 DAL PF 24.6 Dirk Nowitzki
83%
PPG 2007-08 7. DAL PF 23.6 Dirk Nowitzki
83%
PPG 2008-09 4. DAL PF 25.9 Dirk Nowitzki
83%
PPG 2009-10 7. DAL PF 25.0 Dirk Nowitzki
83%
PPG 2008-09 6. OKC SF 25.3 Kevin Durant
81%
PPG 2009-10 1. OKC SF 30.1 Kevin Durant
81%
RPG 1997-98 3. SAS PF 11.9 Tim Duncan
81%
PPG 1998-99 6. SAS PF 21.7 Tim Duncan
81%
RPG 1998-99 5. SAS PF 11.4 Tim Duncan
81%
PPG 1999-00 9. SAS PF 23.2 Tim Duncan
81%
RPG 1999-00 3. SAS PF 12.4 Tim Duncan
81%
RPG 2000-01 4. SAS PF 12.2 Tim Duncan
81%
PPG 2001-02 5. SAS PF 25.5 Tim Duncan
81%
RPG 2001-02 2. SAS PF 12.7 Tim Duncan
81%
PPG 2002-03 7. SAS PF 23.3 Tim Duncan
81%
RPG 2002-03 3. SAS PF 12.9 Tim Duncan
81%
PPG 2003-04 8. SAS PF 22.3 Tim Duncan
81%
RPG 2003-04 2. SAS PF 12.4 Tim Duncan
81%
RPG 2005-06 5. SAS PF 11.0 Tim Duncan
81%
RPG 2006-07 7. SAS PF 10.6 Tim Duncan
81%
RPG 2007-08 4. SAS PF 11.3 Tim Duncan
81%
RPG 2008-09 4. SAS PF 10.7 Tim Duncan
81%
RPG 2009-10 8. SAS PF 10.1 Tim Duncan
81%
APG 1995-96 3. SAS PG 9.6 Avery Johnson
79%
APG 1998-99 9. SAS PG 7.4 Avery Johnson
79%
PPG 2007-08 10. TOR PF 22.3 Chris Bosh
79%
PPG 2008-09 9. TOR PF 22.7 Chris Bosh
79%
RPG 2008-09 6. TOR PF 10.0 Chris Bosh
79%
PPG 2009-10 9. TOR PF 24.0 Chris Bosh
79%
RPG 2009-10 6. TOR PF 10.8 Chris Bosh
79%
APG 2005-06 7. NOK PG 7.8 Chris Paul
79%
APG 2006-07 4. NOK PG 8.9 Chris Paul
79%
APG 2007-08 1. NOH PG 11.6 Chris Paul
79%
PPG 2008-09 7. NOH PG 22.8 Chris Paul
79%
APG 2008-09 1. NOH PG 11.0 Chris Paul
79%
APG 2009-10 2. NOH PG 10.7 Chris Paul
79%
RPG 1996-97 6. WSB PF 10.3 Chris Webber
79%
PPG 1997-98 9. WAS PF 21.9 Chris Webber
79%
RPG 1998-99 1. SAC PF 13.0 Chris Webber
79%
PPG 1999-00 6. SAC PF 24.5 Chris Webber
79%
RPG 1999-00 5. SAC PF 10.5 Chris Webber
79%
PPG 2000-01 6. SAC PF 27.1 Chris Webber
79%
RPG 2000-01 7. SAC PF 11.1 Chris Webber
79%
PPG 2002-03 8. SAC PF 23.0 Chris Webber
79%
RPG 2005-06 8. PHI PF 9.9 Chris Webber
79%
RPG 1996-97 4. DEN C 11.1 Ervin Johnson
79%
APG 1995-96 10. SEA PG 7.5 Gary Payton
79%
PPG 1996-97 SEA PG 21.8 Gary Payton
79%
APG 1997-98 7. SEA PG 8.2 Gary Payton
79%
PPG 1998-99 SEA PG 21.7 Gary Payton
79%
APG 1998-99 4. SEA PG 8.7 Gary Payton
79%
PPG 1999-00 7. SEA PG 24.2 Gary Payton
79%
APG 1999-00 4. SEA PG 8.9 Gary Payton
79%
APG 2000-01 5. SEA PG 8.1 Gary Payton
79%
PPG 2001-02 SEA PG 22.1 Gary Payton
79%
APG 2001-02 3. SEA PG 9.0 Gary Payton
79%
APG 2002-03 3. SEA/MIL PG 8.3 Gary Payton
79%
PPG 2006-07 9. ATL SG 25.0 Joe Johnson
79%
RPG 1997-98 10. MIN PF 9.6 Kevin Garnett
79%
RPG 1998-99 9. MIN PF 10.4 Kevin Garnett
79%
PPG 1999-00 10. MIN PF 22.9 Kevin Garnett
79%
RPG 1999-00 4. MIN PF 11.8 Kevin Garnett
79%
RPG 2000-01 6. MIN PF 11.4 Kevin Garnett
79%
RPG 2001-02 3. MIN PF 12.1 Kevin Garnett
79%
PPG 2002-03 MIN PF 23.0 Kevin Garnett
79%
RPG 2002-03 2. MIN PF 13.4 Kevin Garnett
79%
PPG 2003-04 MIN PF 24.2 Kevin Garnett
79%
RPG 2003-04 1. MIN PF 13.9 Kevin Garnett
79%
RPG 2004-05 1. MIN PF 13.5 Kevin Garnett
79%
RPG 2005-06 1. MIN PF 12.7 Kevin Garnett
79%
RPG 2006-07 1. MIN PF 12.8 Kevin Garnett
79%
APG 1995-96 6. PHX PG 9.2 Kevin Johnson
79%
APG 1996-97 3. PHX PG 9.3 Kevin Johnson
79%
PPG 2004-05 5. PHX C 26.0 Amar'e Stoudemire
77%
RPG 2006-07 9. PHX C 9.6 Amar'e Stoudemire
77%
PPG 2007-08 5. PHX C 25.2 Amar'e Stoudemire
77%
PPG 2009-10 10. PHX C 23.1 Amar'e Stoudemire
77%
APG 1995-96 5. TOR PG 9.3 Damon Stoudamire
77%
APG 1996-97 6. TOR PG 8.8 Damon Stoudamire
77%
APG 1997-98 TOR/POR PG 8.2 Damon Stoudamire
77%
APG 2003-04 POR PG 6.1 Damon Stoudamire
77%
PPG 2000-01 8. BOS SF 25.3 Paul Pierce
77%
PPG 2001-02 3. BOS SF 26.1 Paul Pierce
77%
PPG 2002-03 5. BOS SF 25.9 Paul Pierce
77%
PPG 2003-04 5. BOS SF 22.9 Paul Pierce
77%
PPG 2005-06 6. BOS SF 26.8 Paul Pierce
77%
PPG 2002-03 10. MIL/SEA SG 22.5 Ray Allen
77%
PPG 2004-05 10. SEA SG 23.9 Ray Allen
77%
PPG 2005-06 10. SEA SG 25.1 Ray Allen
77%
PPG 2006-07 6. SEA SG 26.4 Ray Allen
77%
PPG 1999-00 4. TOR SG 25.7 Vince Carter
77%
PPG 2000-01 5. TOR SG 27.6 Vince Carter
77%
PPG 2001-02 7. TOR SG 24.7 Vince Carter
77%
PPG 2003-04 7. TOR SG 22.5 Vince Carter
77%
PPG 2004-05 8. TOR/NJN SG 24.5 Vince Carter
77%
PPG 2006-07 8. NJN SG 25.2 Vince Carter
77%
RPG 2004-05 8. ORL C 10.0 Dwight Howard
74%
RPG 2005-06 2. ORL C 12.5 Dwight Howard
74%
RPG 2006-07 3. ORL C 12.3 Dwight Howard
74%
RPG 2007-08 1. ORL C 14.2 Dwight Howard
74%
RPG 2008-09 1. ORL C 13.8 Dwight Howard
74%
RPG 2009-10 1. ORL C 13.2 Dwight Howard
74%
PPG 1995-96 10. WSB C 22.1 Juwan Howard
74%
PPG 2000-01 7. ORL SG 26.8 Tracy McGrady
74%
PPG 2001-02 4. ORL SG 25.6 Tracy McGrady
74%
PPG 2002-03 1. ORL SG 32.1 Tracy McGrady
74%
PPG 2003-04 1. ORL SG 28.0 Tracy McGrady
74%
PPG 2004-05 6. HOU SG 25.7 Tracy McGrady
74%
PPG 2006-07 10. HOU SG 24.6 Tracy McGrady
74%
APG 1995-96 8. GSW/MIA PG 8.0 Tim Hardaway
72%
APG 1996-97 7. MIA PG 8.6 Tim Hardaway
72%
APG 1997-98 6. MIA PG 8.3 Tim Hardaway
72%
APG 2006-07 2. UTA PG 9.3 Deron Williams
70%
APG 2007-08 3. UTA PG 10.5 Deron Williams
70%
APG 2008-09 2. UTA PG 10.7 Deron Williams
70%
APG 2009-10 3. UTA PG 10.5 Deron Williams
70%
APG 2001-02 8. MEM PG 8.0 Jason Williams
70%
APG 2002-03 2. MEM PG 8.3 Jason Williams
70%
APG 2003-04 7. MEM PG 6.8 Jason Williams
70%
RPG 1995-96 10. NJN PF 10.0 Jayson Williams
70%
RPG 1997-98 2. NJN C 13.6 Jayson Williams
70%
RPG 1999-00 DET PF 9.6 Jerome Williams
70%
RPG 2002-03 9. TOR PF 9.2 Jerome Williams
70%
APG 2000-01 6. CLE PG 8.0 Andre Miller
68%
APG 2001-02 1. CLE PG 10.9 Andre Miller
68%
APG 2002-03 9. LAC PG 6.7 Andre Miller
68%
APG 2003-04 10. DEN PG 6.1 Andre Miller
68%
APG 2004-05 8. DEN PG 6.9 Andre Miller
68%
APG 2005-06 6. DEN PG 8.2 Andre Miller
68%
APG 2006-07 7. DEN/PHI PG 7.8 Andre Miller
68%
APG 2007-08 10. PHI PG 6.9 Andre Miller
68%
RPG 2003-04 SAC C 10.3 Brad Miller
68%
APG 1995-96 9. IND PG 7.8 Mark Jackson
68%
APG 1996-97 1. IND/DEN PG 11.4 Mark Jackson
68%
APG 1997-98 3. IND PG 8.7 Mark Jackson
68%
APG 1998-99 6. IND PG 7.9 Mark Jackson
68%
APG 1999-00 9. IND PG 8.0 Mark Jackson
68%
APG 2000-01 TOR/NYK PG 8.0 Mark Jackson
68%
APG 2001-02 10. NYK PG 7.4 Mark Jackson
68%
APG 2009-10 OKC PG 8.0 Russell Westbrook
68%
RPG 1995-96 1. CHI PF 14.9 Dennis Rodman
66%
RPG 1996-97 1. CHI PF 16.1 Dennis Rodman
66%
RPG 1997-98 1. CHI PF 15.0 Dennis Rodman
66%
RPG 1995-96 3. DEN C 11.8 Dikembe Mutombo
66%
RPG 1996-97 2. ATL C 11.6 Dikembe Mutombo
66%
RPG 1997-98 4. ATL C 11.4 Dikembe Mutombo
66%
RPG 1998-99 3. ATL C 12.2 Dikembe Mutombo
66%
RPG 1999-00 1. ATL C 14.1 Dikembe Mutombo
66%
RPG 2000-01 1. ATL/PHI C 13.5 Dikembe Mutombo
66%
RPG 2001-02 6. PHI C 10.8 Dikembe Mutombo
66%
APG 2008-09 6. BOS PG 8.2 Rajon Rondo
66%
APG 2009-10 4. BOS PG 9.8 Rajon Rondo
66%
APG 2005-06 4. DET PG 8.6 Chauncey Billups
64%
APG 2006-07 DET PG 7.2 Chauncey Billups
64%
PPG 2004-05 7. WAS PG 25.5 Gilbert Arenas
64%
PPG 2005-06 4. WAS PG 29.3 Gilbert Arenas
64%
PPG 2006-07 3. WAS PG 28.4 Gilbert Arenas
64%
PPG 2003-04 2. SAC SF 24.2 Peja Stojakovic
64%
RPG 1995-96 5. SEA PF 11.4 Shawn Kemp
64%
RPG 1996-97 SEA PF 10.0 Shawn Kemp
64%
RPG 2000-01 2. DET C 13.2 Ben Wallace
62%
RPG 2001-02 1. DET C 13.0 Ben Wallace
62%
RPG 2002-03 1. DET C 15.4 Ben Wallace
62%
RPG 2003-04 DET C 12.4 Ben Wallace
62%
RPG 2004-05 2. DET C 12.2 Ben Wallace
62%
RPG 2005-06 4. DET C 11.3 Ben Wallace
62%
RPG 2006-07 6. CHI C 10.7 Ben Wallace
62%
RPG 2009-10 9. CHA SF 10.0 Gerald Wallace
62%
RPG 2008-09 8. LAL PF 9.6 Pau Gasol
62%
PPG 2009-10 6. GSW SG 25.5 Monta Ellis
60%
RPG 2000-01 9. TOR C 10.1 Antonio Davis
57%
APG 2001-02 4. CHH PG 8.5 Baron Davis
57%
PPG 2003-04 NOH PG 22.9 Baron Davis
57%
APG 2003-04 4. NOH PG 7.5 Baron Davis
57%
APG 2005-06 2. GSW PG 8.9 Baron Davis
57%
APG 2006-07 5. GSW PG 8.1 Baron Davis
57%
APG 2007-08 6. GSW PG 7.6 Baron Davis
57%
APG 2008-09 7. LAC PG 7.7 Baron Davis
57%
APG 2009-10 7. LAC PG 8.0 Baron Davis
57%
RPG 1999-00 8. IND C 9.9 Dale Davis
57%
PPG 1998-99 10. DET SF 21.1 Grant Hill
57%
PPG 1999-00 3. DET SF 25.8 Grant Hill
57%
PPG 2003-04 10. MIL SG 21.7 Michael Redd
57%
PPG 2005-06 9. MIL SG 25.4 Michael Redd
57%
PPG 2006-07 5. MIL SG 26.7 Michael Redd
57%
PPG 2007-08 8. MIL SG 22.7 Michael Redd
57%
RPG 1996-97 10. CLE C 9.9 Tyrone Hill
57%
PPG 1997-98 5. BOS PF 22.4 Antoine Walker
53%
RPG 1997-98 8. BOS PF 10.2 Antoine Walker
53%
PPG 2001-02 10. BOS PF 22.1 Antoine Walker
53%
PPG 2008-09 10. POR SG 22.6 Brandon Roy
53%
PPG 2008-09 5. IND SF 25.8 Danny Granger
53%
PPG 2009-10 8. IND SF 24.1 Danny Granger
53%
APG 1999-00 8. VAN PG 8.1 Mike Bibby
53%
APG 2000-01 4. VAN PG 8.4 Mike Bibby
53%
APG 2004-05 9. SAC PG 6.8 Mike Bibby
53%
PPG 1995-96 8. SAC SG 23.1 Mitch Richmond
53%
PPG 1996-97 4. SAC SG 25.9 Mitch Richmond
53%
PPG 1997-98 4. SAC SG 23.2 Mitch Richmond
53%
RPG 2003-04 9. PHI PF 10.1 Kenny Thomas
51%
RPG 2004-05 NYK PF 10.4 Kurt Thomas
51%
APG 1996-97 10. MIN PG 7.8 Stephon Marbury
51%
APG 1997-98 4. MIN PG 8.6 Stephon Marbury
51%
PPG 1998-99 8. MIN/NJN PG 21.3 Stephon Marbury
51%
APG 1998-99 3. MIN/NJN PG 8.9 Stephon Marbury
51%
APG 1999-00 7. NJN PG 8.4 Stephon Marbury
51%
PPG 2000-01 10. NJN PG 23.9 Stephon Marbury
51%
APG 2000-01 NJN PG 7.6 Stephon Marbury
51%
APG 2001-02 6. PHX PG 8.1 Stephon Marbury
51%
APG 2002-03 4. PHX PG 8.1 Stephon Marbury
51%
APG 2003-04 2. PHX/NYK PG 8.9 Stephon Marbury
51%
APG 2004-05 4. NYK PG 8.1 Stephon Marbury
51%
RPG 2007-08 5. MIN C 11.1 Al Jefferson
49%
PPG 2007-08 9. NJN SF 22.6 Richard Jefferson
49%
PPG 1996-97 3. CHH SF 27.4 Glen Rice
47%
PPG 1997-98 CHH SF 22.3 Glen Rice
47%
APG 1997-98 10. NJN PG 8.0 Sam Cassell
47%
APG 1999-00 MIL PG 9.0 Sam Cassell
47%
APG 2000-01 8. MIL PG 7.6 Sam Cassell
47%
APG 2003-04 5. MIN PG 7.3 Sam Cassell
47%
PPG 2007-08 6. SAC SG 23.7 Kevin Martin
45%
PPG 1996-97 5. GSW SG 24.2 Latrell Sprewell
45%
PPG 1997-98 6. VAN PF 22.3 Shareef Abdur-Rahim
45%
PPG 1998-99 4. VAN PF 23.0 Shareef Abdur-Rahim
45%
RPG 1999-00 6. VAN PF 10.1 Shareef Abdur-Rahim
45%
PPG 2002-03 NYK SG 22.5 Allan Houston
43%
RPG 2008-09 9. MIN PF 9.1 Kevin Love
43%
RPG 2000-01 8. PHX SF 10.7 Shawn Marion
43%
RPG 2001-02 PHX SF 9.9 Shawn Marion
43%
RPG 2002-03 8. PHX SF 9.5 Shawn Marion
43%
RPG 2004-05 3. PHX SF 11.3 Shawn Marion
43%
RPG 2005-06 3. PHX SF 11.8 Shawn Marion
43%
RPG 2006-07 8. PHX SF 9.8 Shawn Marion
43%
RPG 2008-09 7. HOU C 9.9 Yao Ming
43%
RPG 2003-04 6. POR PF 10.5 Zach Randolph
43%
RPG 2009-10 3. MEM PF 11.7 Zach Randolph
43%
PPG 1999-00 8. DET SG 23.6 Jerry Stackhouse
40%
PPG 2000-01 2. DET SG 29.8 Jerry Stackhouse
40%
RPG 1998-99 SAC C 10.0 Vlade Divac
40%
RPG 1999-00 7. CHI PF 10.0 Elton Brand
38%
RPG 2000-01 CHI PF 10.1 Elton Brand
38%
RPG 2001-02 5. LAC PF 11.6 Elton Brand
38%
RPG 2005-06 LAC PF 10.0 Elton Brand
38%
RPG 2006-07 10. LAC PF 9.3 Elton Brand
38%
RPG 2003-04 5. CLE PF 11.4 Carlos Boozer
36%
RPG 2006-07 4. UTA PF 11.7 Carlos Boozer
36%
RPG 2007-08 8. UTA PF 10.4 Carlos Boozer
36%
RPG 2009-10 5. UTA PF 11.2 Carlos Boozer
36%
RPG 2003-04 DEN C 10.1 Marcus Camby
34%
RPG 2006-07 DEN C 11.7 Marcus Camby
34%
RPG 2007-08 2. DEN C 13.1 Marcus Camby
34%
RPG 2009-10 2. C 11.8 Marcus Camby
34%
RPG 2009-10 10. ATL C 9.9 Al Horford
32%
APG 1996-97 8. LAL PG 8.5 Nick Van Exel
32%
APG 1998-99 10. DEN PG 7.3 Nick Van Exel
32%
APG 1999-00 2. DEN PG 9.0 Nick Van Exel
32%
APG 2000-01 3. DEN PG 8.5 Nick Van Exel
32%
APG 2003-04 9. HOU PG 6.2 Steve Francis
32%
APG 2004-05 7. ORL PG 7.0 Steve Francis
32%
RPG 2008-09 3. NYK C 11.7 David Lee
30%
RPG 2009-10 NYK C 11.7 David Lee
30%
RPG 2004-05 CHI C 9.7 Tyson Chandler
30%
RPG 2006-07 2. NOK C 12.4 Tyson Chandler
30%
RPG 2007-08 3. NOH C 11.7 Tyson Chandler
30%
PPG 2000-01 9. GSW PF 24.9 Antawn Jamison
28%
RPG 2007-08 10. WAS PF 10.2 Antawn Jamison
28%
RPG 2008-09 10. WAS PF 8.9 Antawn Jamison
28%
PPG 1998-99 9. DEN PF 21.2 Antonio McDyess
28%
RPG 1998-99 7. DEN PF 10.7 Antonio McDyess
28%
RPG 2000-01 5. DEN PF 12.1 Antonio McDyess
28%
APG 1995-96 POR PG 9.6 Rod Strickland
28%
APG 1996-97 5. WSB PG 8.9 Rod Strickland
28%
APG 1997-98 1. WAS PG 10.5 Rod Strickland
28%
APG 1998-99 2. WAS PG 9.9 Rod Strickland
28%
APG 1999-00 10. PHI PG 7.6 Eric Snow
26%
APG 2002-03 10. PHI PG 6.6 Eric Snow
26%
APG 2003-04 6. PHI PG 6.9 Eric Snow
26%
PPG 1998-99 5. NJN PF 21.8 Keith Van Horn
26%
RPG 1997-98 9. POR C 10.0 Arvydas Sabonis
23%
APG 2002-03 7. ATL PG 7.4 Jason Terry
23%
RPG 2007-08 7. LAL PF 10.6 Lamar Odom
23%
RPG 2001-02 10. CHH C 9.8 PJ Brown
23%
RPG 2002-03 10. NOH C 9.0 PJ Brown
23%
RPG 2005-06 9. LAC C 9.6 Chris Kaman
21%
APG 2009-10 9. NJN PG 6.6 Devin Harris
21%
APG 1995-96 7. NJN/CHH PG 8.3 Kenny Anderson
21%
RPG 2002-03 5. MIA C 10.2 Brian Grant
19%
RPG 2004-05 4. CHA C 10.9 Emeka Okafor
19%
RPG 2007-08 6. CHA C 10.7 Emeka Okafor
19%
RPG 2008-09 5. CHA C 10.1 Emeka Okafor
19%
APG 2003-04 CHI PG 6.8 Kirk Hinrich
19%
APG 1998-99 5. MIL/MIN PG 8.6 Terrell Brandon
19%
APG 1999-00 MIN PG 8.9 Terrell Brandon
19%
APG 2000-01 10. MIN PG 7.5 Terrell Brandon
19%
RPG 1996-97 3. CHH PF 11.4 Anthony Mason
17%
RPG 1997-98 7. CHH PF 10.2 Anthony Mason
17%
APG 2001-02 IND PG 8.1 Jamaal Tinsley
17%
APG 2002-03 6. IND PG 7.5 Jamaal Tinsley
17%
APG 2007-08 5. TOR PG 8.3 José Calderón
15%
APG 2008-09 4. TOR PG 8.9 José Calderón
15%
PPG 1996-97 9. NJN SF 21.8 Kendall Gill
15%
APG 2006-07 10. CHA PG 7.0 Raymond Felton
15%
APG 2007-08 7. CHA PG 7.4 Raymond Felton
15%
RPG 1996-97 MIL PF 10.3 Vin Baker
13%
APG 1997-98 8. CLE PG 8.2 Brevin Knight
11%
APG 1998-99 7. CLE PG 7.7 Brevin Knight
11%
APG 2004-05 2. CHA PG 9.0 Brevin Knight
11%
APG 2005-06 3. CHA PG 8.8 Brevin Knight
11%
APG 2005-06 10. HOU PG 6.7 Rafer Alston
11%
RPG 2003-04 4. GSW C 12.0 Erick Dampier
6%
RPG 1995-96 9. LAC PF 10.1 Loy Vaught
6%
RPG 1996-97 8. LAC PF 10.0 Loy Vaught
6%
APG 2005-06 9. SEA PG 7.0 Luke Ridnour
6%
RPG 2002-03 GSW PF 10.2 Troy Murphy
6%
RPG 2004-05 5. GSW PF 10.8 Troy Murphy
6%
RPG 2005-06 6. GSW PF 10.0 Troy Murphy
6%
RPG 2008-09 2. IND PF 11.8 Troy Murphy
6%
RPG 2009-10 7. IND PF 10.2 Troy Murphy
6%
RPG 2006-07 GSW C 9.3 Andris Biedrins
4%
APG 2008-09 NYK PG 7.2 Chris Duhon
4%
RPG 2003-04 7. NOH C 10.3 Jamaal Magloire
4%
RPG 2005-06 10. MIL C 9.5 Jamaal Magloire
4%
RPG 2007-08 PHI C 10.4 Samuel Dalembert
4%
RPG 1998-99 4. DEN 11.6 Danny Fortson
2%
RPG 2001-02 4. GSW PF 11.7 Danny Fortson
2%
RPG 2002-03 CHI PF 9.0 Donyell Marshall
2%
APG 2003-04 POR/CLE PG 6.1 Jeff McInnis
2%
APG 1996-97 9. NJN/DAL PG 8.4 Robert Pack
2%
APG 2006-07 6. TOR PG 7.9 TJ Ford
2%
No matching quizzes found
Score Distribution
Percent of People with Each Score
Percentile by Number Answered
Your Score History
You have not taken this quiz